| 000 | 00346nam a2200133Ia 4500 | ||
|---|---|---|---|
| 005 | 20251222154429.0 | ||
| 008 | 251222s9999||||xx |||||||||||||| ||spa|| | ||
| 020 | _a9789702410355 | ||
| 082 | _a338.43/B12 | ||
| 100 | _aBaca Urbina, Gabriel | ||
| 245 | 0 | _aProyectos ambientales en la industria | |
| 264 | _bGrupo Editorial Patria | ||
| 942 | _cLIB | ||
| 999 |
_c36355 _d36355 |
||